[Event "4NCL 3 South pool D"]
[Site "Reading, ENG"]
[Date "2017.04.29"]
[Round "9.51"]
[White "Onley, David E"]
[Black "Lyell, Mark"]
[Result "0-1"]
[WhiteElo "2155"]
[BlackElo "2249"]
[PlyCount "112"]
[EventDate "2017.04.29"]
[WhiteTeam "Brown Jack 1"]
[BlackTeam "Hackney "]

1. e4 e6 2. d4 d5 3. Nd2 Be7 4. Bd3 c5 5. dxc5 Nf6 6. Qe2 O-O 7. Ngf3 a5 8. c3
Na6 9. e5 Nd7 10. Nb3 Naxc5 11. Bc2 b6 12. Nbd4 Ba6 13. Nb5 Ne4 14. a4 Rc8 15.
O-O Ndc5 16. Nfd4 f6 17. exf6 Bxf6 18. f3 e5 19. fxe4 exd4 20. e5 d3 21. Bxd3
Nxd3 22. exf6 Bxb5 23. axb5 Nxc1 24. Qe6+ Rf7 25. Raxc1 gxf6 26. Rcd1 Rc5 27.
Rf5 Qd7 28. Qxb6 Rxb5 29. Qf2 Rxb2 30. Qf3 Rb5 31. Re1 a4 32. Rxf6 Rxf6 33.
Qxf6 Qa7+ 34. Kh1 Rb8 35. h3 Qg7 36. Qe6+ Kh8 37. Qd6 Rc8 38. Qxd5 Qxc3 39.
Qe5+ Qxe5 40. Rxe5 Ra8 41. Re2 Kg7 42. Kg1 Kf6 43. Kf2 Ra5 44. Ra2 Ke5 45. Ke3
a3 46. g3 Ra7 47. g4 Ra4 48. Kf3 Kd5 49. h4 Kc4 50. g5 Kb3 51. Re2 a2 52. Re3+
Kc4 53. Re4+ Kb5 54. Re1 a1=Q 55. Rxa1 Rxa1 56. Kg4 Ra4+ 0-1

[Event "4NCL 3 South pool D"]
[Site "Reading, ENG"]
[Date "2017.04.29"]
[Round "9.52"]
[White "Britton, Richard L"]
[Black "Mihalik, Agoston"]
[Result "1-0"]
[WhiteElo "2168"]
[BlackElo "2159"]
[PlyCount "51"]
[EventDate "2017.04.29"]
[WhiteTeam "Hackney "]
[BlackTeam "Brown Jack 1"]

1. e4 c5 2. Nf3 d6 3. d3 Nc6 4. g3 g6 5. Bg2 Bg7 6. O-O e5 7. c3 Nge7 8. Na3
O-O 9. Nc2 d5 10. b4 c4 11. dxc4 dxe4 12. Qxd8 Rxd8 13. Nd2 f5 14. Nb3 Be6 15.
b5 Nb8 16. Ba3 Kf7 17. Nc5 Bc8 18. Rad1 Rxd1 19. Rxd1 b6 20. Nxe4 fxe4 21. Bxe4
Bf5 22. Bxa8 Bxc2 23. Rd8 Bb1 24. Rxb8 Bxa2 25. Bxe7 Kxe7 26. Bd5 1-0

[Event "4NCL 3 South pool D"]
[Site "Reading, ENG"]
[Date "2017.04.29"]
[Round "9.53"]
[White "Martin, Lewis"]
[Black "Walker, Nicholas P"]
[Result "1-0"]
[WhiteElo "2062"]
[BlackElo "2135"]
[PlyCount "81"]
[EventDate "2017.04.29"]
[WhiteTeam "Brown Jack 1"]
[BlackTeam "Hackney "]

1. e4 c5 2. Nf3 d6 3. d4 cxd4 4. Nxd4 Nf6 5. Nc3 a6 6. Bg5 e6 7. f4 h6 8. Bh4
Be7 9. Qf3 Nbd7 10. O-O-O Qc7 11. Be2 b5 12. e5 Bb7 13. exf6 Bxf3 14. Bxf3 d5
15. Bxd5 gxf6 16. Bxa8 O-O 17. Bf3 Nb6 18. Kb1 Bb4 19. Ne4 f5 20. Nf2 Qxf4 21.
Bg3 Qg5 22. Nc6 Bc5 23. Nd3 Be3 24. Bd6 Re8 25. h4 Qg7 26. Nde5 Kh7 27. Bh5 Rc8
28. Ne7 Re8 29. Nxf7 Rxe7 30. Bxe7 Nc4 31. Ba3 Bd4 32. Bf8 Qxf8 33. Rxd4 Qb4
34. Rxc4 bxc4 35. c3 Qb7 36. Nd6 Qxg2 37. Rd1 e5 38. Bf7 Qg4 39. Kc1 Qxh4 40.
Bxc4 a5 41. Rg1 1-0

[Event "4NCL 3 South pool D"]
[Site "Reading, ENG"]
[Date "2017.04.29"]
[Round "9.54"]
[White "Tasker, Michael W"]
[Black "Richmond, Peter"]
[Result "0-1"]
[WhiteElo "2066"]
[BlackElo "2082"]
[Annotator "Alan"]
[PlyCount "41"]
[EventDate "2017.04.29"]
[WhiteTeam "Hackney "]
[BlackTeam "Brown Jack 1"]

1. d4 d5 2. Nf3 c6 3. c4 e6 4. Qc2 Nf6 5. Bg5 Nbd7 6. e3 Qa5+ 7. Nbd2 Ne4 8.
Bh4 g5 9. Bxg5 Nxd2 10. Nxd2 dxc4 11. Bh4 b5 12. Be2 Bb4 13. a3 Bb7 14. Rd1
Bxd2+ 15. Rxd2 e5 16. O-O exd4 17. Rxd4 Rg8 18. f3 Rg6 19. Rfd1 Ne5 20. e4 Kf8
21. Bg3 {...scoresheets not clear} 0-1

[Event "4NCL 3 South pool D"]
[Site "Reading, ENG"]
[Date "2017.04.29"]
[Round "9.55"]
[White "Headlong, Timothy"]
[Black "Clancy, Martin J"]
[Result "1-0"]
[WhiteElo "2072"]
[BlackElo "1886"]
[PlyCount "69"]
[EventDate "2017.04.29"]
[WhiteTeam "Brown Jack 1"]
[BlackTeam "Hackney "]

1. Nf3 g6 2. c4 Bg7 3. d4 d6 4. Nc3 Nc6 5. d5 Ne5 6. Nxe5 Bxe5 7. e4 e6 8. Bd3
h5 9. Be3 Nh6 10. h3 Bd7 11. Qd2 Bg7 12. O-O-O f6 13. e5 Nf5 14. Bxf5 gxf5 15.
dxe6 Bxe6 16. exd6 O-O 17. Bf4 cxd6 18. Qxd6 Qc8 19. c5 Re8 20. Nd5 Kf7 21.
Qc7+ Kg6 22. Be3 Bxd5 23. Qg3+ Kf7 24. Rxd5 Re5 25. Rhd1 Rxd5 26. Rxd5 Qe6 27.
Qd6 Qe4 28. Qd7+ Kg6 29. g3 Re8 30. Rd4 Qh1+ 31. Rd1 Qe4 32. Qd5 Qb4 33. a3 Qb5
34. Qd3 Bf8 35. Qxb5 1-0

[Event "4NCL 3 South pool D"]
[Site "Reading, ENG"]
[Date "2017.04.29"]
[Round "9.56"]
[White "Conway, Paul Bernard"]
[Black "Rabbitt, Michael"]
[Result "1/2-1/2"]
[WhiteElo "1888"]
[BlackElo "2032"]
[PlyCount "109"]
[EventDate "2017.04.29"]
[WhiteTeam "Hackney "]
[BlackTeam "Brown Jack 1"]

1. e4 e5 2. Nf3 Nc6 3. Bb5 a6 4. Ba4 Nf6 5. O-O Be7 6. Re1 b5 7. Bb3 d6 8. c3
O-O 9. h3 Na5 10. Bc2 c5 11. d4 Qc7 12. Nbd2 Re8 13. Nf1 Bf8 14. Ng3 g6 15. Bg5
Bg7 16. b3 Nc6 17. d5 Ne7 18. Qd2 c4 19. bxc4 bxc4 20. Reb1 Bd7 21. a4 a5 22.
Qe2 Bc8 23. Be3 Nd7 24. Nd2 Ba6 25. f3 Rab8 26. Ngf1 f5 27. Bg5 f4 28. Nh2 Bf6
29. Bxf6 Nxf6 30. Rxb8 Rxb8 31. Rb1 Rxb1+ 32. Nxb1 Nc8 33. Nf1 Nd7 34. Nfd2
Ncb6 35. Kh2 Qc5 36. Nf1 Kg7 37. h4 Nf6 38. g4 Bc8 39. Kg2 Bd7 40. Qd1 Ne8 41.
Nfd2 Nc7 42. Nf1 Na6 43. Nfd2 Be8 44. Kf1 Qe3 45. Qe2 Nc5 46. Na3 Qxc3 47.
Ndxc4 Nc8 48. Qd1 Qb4 49. Qe1 Bxa4 50. Bxa4 Nxa4 51. Qxb4 axb4 52. Nb1 Kf7 53.
Ke2 Ke7 54. Na5 Nc5 55. Nc6+ 1/2-1/2

[Event "4NCL 3 South pool D"]
[Site "Reading, ENG"]
[Date "2017.04.29"]
[Round "9.61"]
[White "Strugnell, Carl"]
[Black "Savage, Nicholas W"]
[Result "1/2-1/2"]
[WhiteElo "2224"]
[BlackElo "2021"]
[PlyCount "72"]
[EventDate "2017.04.29"]
[WhiteTeam "Rhyfelwyr Essyllwg"]
[BlackTeam "Iceni 1"]

1. e4 e5 2. Nf3 Nc6 3. Bb5 a6 4. Ba4 Nf6 5. O-O Be7 6. Re1 b5 7. Bb3 d6 8. c3
O-O 9. d4 Bg4 10. Be3 exd4 11. cxd4 Na5 12. Bc2 Nc4 13. Bc1 c5 14. dxc5 dxc5
15. Nc3 Qxd1 16. Bxd1 Rad8 17. Be2 Bxf3 18. Bxc4 Bg4 19. Bf1 Rfe8 20. a4 b4 21.
Nd5 Nxd5 22. exd5 Bf6 23. Rxe8+ Rxe8 24. Be3 Bxb2 25. Rb1 Bc3 26. Bxa6 Bf5 27.
Rc1 b3 28. Rxc3 b2 29. Rb3 b1=Q+ 30. Rxb1 Bxb1 31. g4 Bc2 32. Bb5 Rd8 33. Bc6
Be4 34. Bxc5 Bxd5 35. Be7 Bxc6 36. Bxd8 Bxa4 1/2-1/2

[Event "4NCL 3 South pool D"]
[Site "Reading, ENG"]
[Date "2017.04.29"]
[Round "9.62"]
[White "Calvert, D Ian"]
[Black "Heaven, Peter"]
[Result "1/2-1/2"]
[WhiteElo "1908"]
[BlackElo "2022"]
[PlyCount "51"]
[EventDate "2017.04.29"]
[WhiteTeam "Iceni 1"]
[BlackTeam "Rhyfelwyr Essyllwg"]

1. b3 e5 2. Bb2 Nc6 3. e3 Nf6 4. Nf3 Bd6 5. d4 exd4 6. exd4 O-O 7. Be2 Re8 8.
O-O Bf8 9. c4 d5 10. Ne5 Bf5 11. Nc3 dxc4 12. Nxc6 bxc6 13. bxc4 Rb8 14. Qd2
Bb4 15. Bf3 Be4 16. Bxe4 Rxe4 17. Qc1 Rh4 18. g3 Rh5 19. Rb1 Qd7 20. Qc2 Bd6
21. Ne4 Ng4 22. Nxd6 Nxh2 23. Bc3 Nf3+ 24. Kg2 Nh4+ 25. Kg1 Nf3+ 26. Kg2
1/2-1/2

[Event "4NCL 3 South pool D"]
[Site "Reading, ENG"]
[Date "2017.04.29"]
[Round "9.63"]
[White "Brown, Thomas"]
[Black "Peters, Alexander John"]
[Result "1-0"]
[WhiteElo "2060"]
[BlackElo "1982"]
[PlyCount "65"]
[EventDate "2017.04.29"]
[WhiteTeam "Rhyfelwyr Essyllwg"]
[BlackTeam "Iceni 1"]

1. d4 Nf6 2. c4 c5 3. d5 a6 4. Qc2 d6 5. e4 g6 6. Nc3 Bg7 7. Nf3 O-O 8. Bd3 b5
9. cxb5 axb5 10. Bxb5 Ba6 11. O-O Nbd7 12. a4 Ng4 13. Bg5 Nge5 14. Nxe5 Nxe5
15. Bxa6 Rxa6 16. f4 Nd7 17. Qe2 Qa8 18. Bxe7 Bd4+ 19. Kh1 Re8 20. Nb5 Rxe7 21.
Nc7 Qc8 22. Nxa6 Nf6 23. Qb5 Nxe4 24. Qb8 Qxb8 25. Nxb8 Bxb2 26. Nc6 Re8 27.
Rab1 Nd2 28. Rfe1 Rxe1+ 29. Rxe1 c4 30. a5 c3 31. a6 Nc4 32. Re8+ Kg7 33. Nd4
1-0

[Event "4NCL 3 South pool D"]
[Site "Reading, ENG"]
[Date "2017.04.29"]
[Round "9.64"]
[White "Szymanski, Mark"]
[Black "Trevelyan, John"]
[Result "1/2-1/2"]
[WhiteElo "1902"]
[BlackElo "2056"]
[PlyCount "52"]
[EventDate "2017.04.29"]
[WhiteTeam "Iceni 1"]
[BlackTeam "Rhyfelwyr Essyllwg"]

1. d4 d6 2. Nf3 c6 3. c4 Nd7 4. d5 Ngf6 5. Nc3 cxd5 6. cxd5 Qa5 7. Qd4 a6 8. e4
g6 9. Be3 Bg7 10. Qd2 O-O 11. Nd4 Nc5 12. f3 Bd7 13. a3 Na4 14. b4 Qd8 15. Rc1
Rc8 16. Be2 Nxc3 17. Rxc3 Rxc3 18. Qxc3 Qb8 19. Kd2 Rc8 20. Qb2 Ne8 21. Rc1 Nc7
22. Qb3 e5 23. Nc2 f5 24. a4 f4 25. Bf2 b5 26. a5 Ne8 1/2-1/2

[Event "4NCL 3 South pool D"]
[Site "Reading, ENG"]
[Date "2017.04.29"]
[Round "9.65"]
[White "Hatchett, Paul"]
[Black "Kenning, Paul H"]
[Result "1/2-1/2"]
[WhiteElo "2022"]
[BlackElo "1877"]
[PlyCount "76"]
[EventDate "2017.04.29"]
[WhiteTeam "Rhyfelwyr Essyllwg"]
[BlackTeam "Iceni 1"]

1. e4 d6 2. d4 Nf6 3. f3 e5 4. dxe5 dxe5 5. Qxd8+ Kxd8 6. Bc4 Ke8 7. Nc3 c6 8.
Nge2 a5 9. a4 Nbd7 10. O-O Nc5 11. Be3 Be6 12. Bxe6 Nxe6 13. h3 Bc5 14. Bxc5
Nxc5 15. Ng3 g6 16. f4 Ne6 17. Nge2 exf4 18. Nxf4 Nxf4 19. Rxf4 Nh5 20. Rf2 Ke7
21. Raf1 Rhf8 22. g4 Ng7 23. e5 h6 24. Ne4 Ne8 25. g5 h5 26. e6 Nd6 27. Nxd6
Kxd6 28. exf7 Rad8 29. h4 Rd7 30. Rf6+ Ke7 31. Rxg6 Rxf7 32. Rxf7+ Kxf7 33. Rh6
Kg7 34. Rxh5 Rd2 35. Rh6 Rxc2 36. Rd6 Rxb2 37. h5 Rb4 38. Rd7+ Kg8 1/2-1/2

[Event "4NCL 3 South pool D"]
[Site "Reading, ENG"]
[Date "2017.04.29"]
[Round "9.66"]
[White "Donaghay, Richard H"]
[Black "Wagner, Guy"]
[Result "1-0"]
[WhiteElo "1862"]
[BlackElo "1809"]
[Annotator "Alan"]
[PlyCount "44"]
[EventDate "2017.04.29"]
[WhiteTeam "Iceni 1"]
[BlackTeam "Rhyfelwyr Essyllwg"]

1. e4 Nf6 2. Nc3 d5 3. e5 Nfd7 4. Nxd5 Nxe5 5. Ne3 Nbc6 6. Bb5 a6 7. Ba4 b5 8.
Bb3 Bb7 9. Nf3 e6 10. Nxe5 Nxe5 11. d4 Ng6 12. c3 Bd6 13. d5 exd5 14. Bxd5 Bxd5
15. Qxd5 O-O 16. O-O Re8 17. g3 Qd7 18. b3 Rad8 19. Bb2 Qh3 20. Qf5 Qxf5 21.
Nxf5 Re2 22. Nxd6 Rxd6 {... scoresheets!} 1-0

[Event "4NCL 3 South pool D"]
[Site "Reading, ENG"]
[Date "2017.04.29"]
[Round "9.71"]
[White "Josse, Mark"]
[Black "Spencer, Carl J"]
[Result "1-0"]
[WhiteElo "2165"]
[BlackElo "2136"]
[PlyCount "113"]
[EventDate "2017.04.29"]
[WhiteTeam "Surbiton"]
[BlackTeam "Cambridge University 2"]

1. c4 Nf6 2. Nc3 e5 3. Nf3 Nc6 4. d4 exd4 5. Nxd4 Bb4 6. Bg5 h6 7. Bh4 Ne5 8.
Qb3 c5 9. Nf5 O-O 10. O-O-O Ng6 11. Bg3 b5 12. Nd6 bxc4 13. Qc2 Ba6 14. e3 Qa5
15. Nxc4 Bxc4 16. Bxc4 Bxc3 17. Qxc3 Qxc3+ 18. bxc3 Ne4 19. Kc2 Nxg3 20. hxg3
Rfd8 21. Rh5 Rac8 22. Rf5 d5 23. Bxd5 Rd7 24. Bc4 Rxd1 25. Bxf7+ Kh7 26. Kxd1
Ne7 27. Re5 Rc7 28. Bc4 g6 29. g4 Kg7 30. f4 Nc8 31. Re6 Nb6 32. Bd3 Kf7 33.
Rd6 c4 34. Bc2 g5 35. Rxh6 Rd7+ 36. Ke2 gxf4 37. Rh7+ Ke8 38. Rxd7 Kxd7 39.
exf4 Nd5 40. Kf3 Nxc3 41. a3 Ke7 42. Ke3 Nd5+ 43. Ke4 Nc3+ 44. Ke3 Nd5+ 45. Kf3
Nc3 46. g5 Nb5 47. Ke3 Nxa3 48. Ba4 Nb1 49. Kd4 Nd2 50. f5 c3 51. Bc2 Nf1 52.
f6+ Kf7 53. Bb3+ Kg6 54. Bc2+ Kf7 55. Ke5 Ne3 56. g6+ Kf8 57. g7+ 1-0

[Event "4NCL 3 South pool D"]
[Site "Reading, ENG"]
[Date "2017.04.29"]
[Round "9.72"]
[White "Robertson, J Stuart"]
[Black "Shepherd, Paul D"]
[Result "1/2-1/2"]
[WhiteElo "2127"]
[BlackElo "2065"]
[PlyCount "85"]
[EventDate "2017.04.29"]
[WhiteTeam "Cambridge University 2"]
[BlackTeam "Surbiton"]

1. d4 d5 2. c4 e6 3. Nf3 c5 4. cxd5 exd5 5. g3 Nc6 6. Bg2 Nf6 7. O-O Be7 8. Bg5
O-O 9. Nc3 c4 10. Ne5 Be6 11. e3 h6 12. Bxf6 Bxf6 13. f4 Ne7 14. g4 g6 15. f5
gxf5 16. gxf5 Nxf5 17. Qg4+ Ng7 18. Qg3 Bh4 19. Qf3 Qg5 20. Nxd5 Bxd5 21. Qxd5
Qxe3+ 22. Kh1 Rad8 23. Qxb7 Rxd4 24. Nd7 Rd8 25. Nb8 Qe8 26. Qxa7 Rd2 27. Nc6
R8d7 28. Qa3 Qe2 29. Qf3 Qxf3 30. Bxf3 Rxb2 31. Rfd1 Rxd1+ 32. Rxd1 Rxa2 33.
Rc1 Ra3 34. Be4 c3 35. Ne5 Ne6 36. Nc4 Bg5 37. Rg1 c2 38. Nxa3 c1=Q 39. Rxc1
Bxc1 40. Nc4 Kg7 41. Nd6 Bf4 42. Nxf7 Kxf7 43. Bd5 1/2-1/2

[Event "4NCL 3 South pool D"]
[Site "Reading, ENG"]
[Date "2017.04.29"]
[Round "9.73"]
[White "Seymour, Timothy P"]
[Black "Blackie, Neville J"]
[Result "1/2-1/2"]
[WhiteElo "2081"]
[BlackElo "2103"]
[PlyCount "69"]
[EventDate "2017.04.29"]
[WhiteTeam "Surbiton"]
[BlackTeam "Cambridge University 2"]

1. e4 c5 2. c3 d5 3. exd5 Qxd5 4. d4 Nf6 5. Nf3 Bg4 6. dxc5 Qxc5 7. Na3 a6 8.
h3 Bh5 9. Be3 Qc7 10. Qa4+ Nbd7 11. g4 Bg6 12. O-O-O e6 13. Bf4 Qc8 14. Ne5 b5
15. Qa5 Be4 16. Rg1 Bc5 17. Bg2 Bxg2 18. Nxd7 Nxd7 19. Rxg2 O-O 20. Bd6 Bxd6
21. Rxd6 Qb7 22. Rg3 Nc5 23. Qb6 Qxb6 24. Rxb6 Rfd8 25. Kc2 Ne4 26. Re3 Nxf2
27. Rb7 Rd5 28. Rf3 Ne4 29. Rbxf7 Rg5 30. Re7 Rd8 31. b4 Rc8 32. Rxe6 Nxc3 33.
Kb3 Nd1 34. Nb1 Rd5 35. a3 1/2-1/2

[Event "4NCL 3 South pool D"]
[Site "Reading, ENG"]
[Date "2017.04.29"]
[Round "9.74"]
[White "Starley, Robert"]
[Black "James, Angus S"]
[Result "1-0"]
[WhiteElo "2075"]
[BlackElo "1922"]
[PlyCount "53"]
[EventDate "2017.04.29"]
[WhiteTeam "Cambridge University 2"]
[BlackTeam "Surbiton"]

1. e4 c5 2. Nf3 d6 3. d4 cxd4 4. Nxd4 Nf6 5. Nc3 a6 6. Be2 e5 7. Nb3 Be7 8. Be3
Be6 9. O-O O-O 10. Nd5 Bxd5 11. exd5 Nbd7 12. c4 Ne8 13. f4 Rc8 14. Bd3 g6 15.
f5 Bf6 16. Nd2 Bg7 17. Rc1 Nc5 18. Be2 Nf6 19. b4 Ncd7 20. g4 Ne8 21. Kg2 g5
22. Ne4 f6 23. c5 Qe7 24. Qb3 Nb8 25. Rc2 Nd7 26. Rfc1 Ra8 27. c6 1-0

[Event "4NCL 3 South pool D"]
[Site "Reading, ENG"]
[Date "2017.04.29"]
[Round "9.75"]
[White "Ratnesan, Ranesh"]
[Black "Chan, Nevil"]
[Result "1/2-1/2"]
[WhiteElo "1813"]
[BlackElo "2013"]
[PlyCount "71"]
[EventDate "2017.04.29"]
[WhiteTeam "Surbiton"]
[BlackTeam "Cambridge University 2"]

1. d4 b6 2. e4 Bb7 3. Bd3 Nf6 4. Nd2 e6 5. Ne2 d5 6. e5 Nfd7 7. O-O c5 8. c3
Ba6 9. Bb1 Nc6 10. Nf3 Be7 11. a3 Na5 12. Re1 Rc8 13. Nf4 cxd4 14. Nxd4 Nf8 15.
b4 Nc6 16. Qa4 Bb7 17. Bd3 Qd7 18. Qb3 Ng6 19. Nxg6 hxg6 20. f4 Nxd4 21. cxd4
O-O 22. Bd2 Rc7 23. g3 Rfc8 24. Kg2 Rc4 25. Qb2 Qa4 26. Rec1 Qd7 27. Kf2 b5 28.
Bxc4 dxc4 29. Rg1 Qd5 30. Qc3 Bd8 31. Qe3 c3 32. Bxc3 Bb6 33. Rad1 Qb3 34. Rc1
Qd5 35. Rcd1 Qb3 36. Rc1 1/2-1/2

[Event "4NCL 3 South pool D"]
[Site "Reading, ENG"]
[Date "2017.04.29"]
[Round "9.76"]
[White "Campbell, Mark C"]
[Black "Alcock, Graham P"]
[Result "1-0"]
[WhiteElo "1910"]
[BlackElo "1764"]
[PlyCount "55"]
[EventDate "2017.04.29"]
[WhiteTeam "Cambridge University 2"]
[BlackTeam "Surbiton"]

1. e4 d5 2. exd5 Qxd5 3. Nc3 Qd6 4. d4 Nf6 5. Nf3 Bg4 6. Be2 e6 7. Be3 a6 8.
Qd2 Nc6 9. O-O-O O-O-O 10. h3 Bh5 11. g4 Bg6 12. Nh4 Be4 13. Nxe4 Nxe4 14. Qd3
Nf6 15. c4 Be7 16. g5 Nd7 17. f4 Ndb8 18. d5 exd5 19. c5 Nb4 20. Bg4+ Nd7 21.
cxd6 Nxd3+ 22. Rxd3 Bxd6 23. Rxd5 Rhe8 24. Nf5 Bf8 25. Rhd1 g6 26. Nh6 Rxe3 27.
Bxd7+ Kb8 28. Nxf7 1-0

[Event "4NCL 3 South pool D"]
[Site "Reading, ENG"]
[Date "2017.04.29"]
[Round "9.81"]
[White "Byron, Alan M"]
[Black "Pavlovic, Tim"]
[Result "1-0"]
[WhiteElo "2060"]
[BlackElo "1975"]
[PlyCount "71"]
[EventDate "2017.04.29"]
[WhiteTeam "The Rookies"]
[BlackTeam "Sussex Martlets 2"]

1. e4 Nf6 2. e5 Nd5 3. d4 Nb6 4. Nf3 d5 5. exd6 cxd6 6. Be2 g6 7. O-O Bg7 8.
Bg5 O-O 9. Qd2 Qc7 10. Na3 a6 11. Bh6 N8d7 12. c4 Nf6 13. Bxg7 Kxg7 14. Rac1
Nbd7 15. d5 Rd8 16. Rfd1 Nf8 17. Nc2 e5 18. dxe6 fxe6 19. Ne3 b6 20. h3 Bb7 21.
Ng4 Nxg4 22. hxg4 e5 23. Rc3 Ne6 24. Ng5 Nd4 25. Rh3 Kg8 26. Rxh7 Qc6 27. Rh2
d5 28. Bf1 dxc4 29. Qe3 Qd5 30. Re1 Re8 31. Qh3 Kg7 32. Qh7+ Kf6 33. Ne4+ Ke6
34. Qxg6+ Ke7 35. Rh7+ Kd8 36. Qxb6+ 1-0

[Event "4NCL 3 South pool D"]
[Site "Reading, ENG"]
[Date "2017.04.29"]
[Round "9.82"]
[White "Howell, Chris I"]
[Black "Jones, Christopher M"]
[Result "0-1"]
[WhiteElo "1944"]
[BlackElo "2114"]
[PlyCount "38"]
[EventDate "2017.04.29"]
[WhiteTeam "Sussex Martlets 2"]
[BlackTeam "The Rookies"]

1. e4 e5 2. Nf3 Nc6 3. Nc3 Nf6 4. Bb5 Nd4 5. Ba4 Bc5 6. Nxe5 O-O 7. Nd3 Bb6 8.
e5 Ne8 9. Qh5 f6 10. O-O fxe5 11. Qxe5 d6 12. Bb3+ Kh8 13. Qh5 Nf6 14. Qg5 Re8
15. Nd5 Nxb3 16. axb3 h6 17. Nxb6 hxg5 18. Nxa8 a6 19. f4 g4 0-1

[Event "4NCL 3 South pool D"]
[Site "Reading, ENG"]
[Date "2017.04.29"]
[Round "9.83"]
[White "Piper, Stephen J"]
[Black "Graham, William M"]
[Result "1-0"]
[WhiteElo "2071"]
[BlackElo "1858"]
[PlyCount "63"]
[EventDate "2017.04.29"]
[WhiteTeam "The Rookies"]
[BlackTeam "Sussex Martlets 2"]

1. c4 Nf6 2. Nc3 g6 3. g3 Bg7 4. Bg2 O-O 5. e4 d6 6. Nge2 c5 7. d3 Nc6 8. h3
Bd7 9. O-O Ne8 10. f4 Nc7 11. f5 e6 12. Bf4 Ne5 13. fxg6 hxg6 14. Qd2 Bc6 15.
Rad1 d5 16. cxd5 exd5 17. d4 Nc4 18. Qc1 cxd4 19. Nxd4 Bxd4+ 20. Rxd4 Ne6 21.
Rd3 Nxf4 22. Qxf4 Nxb2 23. Rd4 Qb6 24. exd5 Bd7 25. Kh2 Rac8 26. Ne4 f5 27. Ng5
Qf6 28. Qh4 Rfe8 29. d6 Re2 30. Qh7+ Kf8 31. Qxd7 Rec2 32. Nh7+ 1-0

[Event "4NCL 3 South pool D"]
[Site "Reading, ENG"]
[Date "2017.04.29"]
[Round "9.84"]
[White "Blake, J Morgan"]
[Black "Compton, Alistair"]
[Result "0-1"]
[WhiteElo "1807"]
[BlackElo "2067"]
[PlyCount "68"]
[EventDate "2017.04.29"]
[WhiteTeam "Sussex Martlets 2"]
[BlackTeam "The Rookies"]

1. e4 e6 2. d4 d5 3. Nc3 Nf6 4. Bg5 Bb4 5. e5 h6 6. Be3 Ne4 7. Qg4 g6 8. a3
Bxc3+ 9. bxc3 c5 10. Bd3 h5 11. Qf4 g5 12. Qf3 Nxc3 13. dxc5 d4 14. Bd2 Nc6 15.
Qg3 Qd5 16. Kf1 Nxe5 17. Qxg5 Nxd3 18. cxd3 Qxg5 19. Bxg5 Bd7 20. Bf6 Rg8 21.
Bxd4 Bc6 22. f3 Na4 23. Ne2 O-O-O 24. Kf2 Rd5 25. Rhc1 e5 26. Bc3 Nxc5 27. Rd1
Nxd3+ 28. Ke3 Rgd8 29. Rd2 f5 30. Nc1 Nf4 31. g3 Rxd2 32. Bxd2 Ng2+ 33. Ke2
Bb5+ 34. Kd1 Ne3+ 0-1

[Event "4NCL 3 South pool D"]
[Site "Reading, ENG"]
[Date "2017.04.29"]
[Round "9.85"]
[White "Gibson, Christopher A"]
[Black "Selby, Paul R"]
[Result "1-0"]
[WhiteElo "1948"]
[BlackElo "1862"]
[PlyCount "73"]
[EventDate "2017.04.29"]
[WhiteTeam "The Rookies"]
[BlackTeam "Sussex Martlets 2"]

1. e4 c5 2. c3 Nf6 3. e5 Nd5 4. d4 cxd4 5. cxd4 e6 6. Nf3 Bb4+ 7. Bd2 Qe7 8. a3
Bxd2+ 9. Nbxd2 f5 10. Nc4 O-O 11. Nd6 Nc6 12. Qd2 Nd8 13. Bc4 Nb6 14. Ba2 Nf7
15. Nb5 d5 16. Rc1 Bd7 17. Qa5 Bxb5 18. Qxb5 Rac8 19. O-O Ng5 20. Qd3 Nxf3+ 21.
Qxf3 Qg5 22. Qe3 f4 23. Qd2 Qh5 24. f3 g5 25. b3 g4 26. fxg4 Qxg4 27. Rf3 Rxc1+
28. Qxc1 Rc8 29. Qd1 Kh8 30. Bb1 Qh5 31. Qf1 Qg5 32. Rxf4 Nd7 33. g3 Qh6 34.
Bxh7 Nf8 35. Bd3 Ng6 36. Bxg6 Qxg6 37. Qh3+ 1-0

[Event "4NCL 3 South pool D"]
[Site "Reading, ENG"]
[Date "2017.04.29"]
[Round "9.86"]
[White "Ifalore, Michael"]
[Black "Jaszkiwskyj, Peter"]
[Result "1-0"]
[WhiteElo "1800"]
[BlackElo "1965"]
[PlyCount "105"]
[EventDate "2017.04.29"]
[WhiteTeam "Sussex Martlets 2"]
[BlackTeam "The Rookies"]

1. e4 e6 2. d4 d5 3. Nc3 Bb4 4. exd5 exd5 5. Bd3 c5 6. dxc5 d4 7. a3 Ba5 8. b4
dxc3 9. bxa5 Qxa5 10. Be3 Nf6 11. Ne2 O-O 12. Bd4 Nbd7 13. Bxc3 Qc7 14. O-O Re8
15. Nd4 Qxc5 16. Bb4 Qb6 17. Nb5 Nc5 18. Nd6 Bg4 19. Qd2 Red8 20. Bxc5 Qc6 21.
Qb4 b6 22. Ne4 Nd5 23. Qc4 bxc5 24. Ng5 h6 25. Nxf7 Kxf7 26. Qxg4 Nf6 27. Bc4+
Kf8 28. Qg6 Qe8 29. Qf5 Qh5 30. Qe6 Qe8 31. Qa6 Qe7 32. Rfe1 Qd6 33. Qb7 Qd7
34. Qf3 Re8 35. Red1 Qc7 36. Rd5 Rad8 37. Rf5 Rd6 38. h3 Qb6 39. Qh5 Re7 40.
Qg6 Qb2 41. Rf1 Qb6 42. Qh7 Ke8 43. Qg6+ Kd8 44. Qg3 Kd7 45. Ba2 Qc6 46. Rb1
Ne4 47. Qg4 Kc7 48. Re1 Kb6 49. Rf8 Qd7 50. Rxe4 Rd1+ 51. Kh2 Rxe4 52. Qxe4
Qd6+ 53. Qf4 1-0